NFL Top 10 Players At Each Position 2023-24 - Statistics

General Stats
  • This quiz has been taken 1,752 times
  • The average score is 72 of 100
Answer Stats
Hint Answer % Correct
QB1 (KC) Patrick Mahomes
100%
QB2 (CIN) Joe Burrow
99%
QB3 (BUF) Josh Allen
99%
QB4 (PHI) Jalen Hurts
98%
QB8 (BAL) Lamar Jackson
98%
QB6 (NYJ) Aaron Rodgers
97%
QB9 (SEA) Geno Smith
97%
DL10 (WAS) Johnathan Allen
97%
QB5 (LAC) Justin Herbert
97%
QB7 (JAX) Trevor Lawrence
97%
RB1 (TEN) Derrick Henry
96%
S10 (CHI) Eddie Jackson
96%
CB9 (LAC) J.C Jackson
96%
QB10 (MIN) Kirk Cousins
96%
S8 (MIN) Harrison Smith
95%
RB2 (CLE) Nick Chubb
95%
LB4 (BAL) Roquan Smith
95%
LB8 (CLE) Za’Darius Smith
95%
RB3 (SF) Christian McCaffrey
94%
WR1 (MIN) Justin Jefferson
94%
WR2 (LV) Davante Adams
93%
OL4 (PHI) Jason Kelce
93%
RB5 (NYG) Saquon Barkley
93%
WR5 (BUF) Stefon Diggs
93%
TE1 (KC) Travis Kelce
93%
WR3 (MIA) Tyreek Hill
93%
RB9 (GB) Aaron Jones
92%
WR7 (PHI) A.J Brown
92%
S7 (SEA) Jamal Adams
92%
WR4 (CIN) Jam’Mar Chase
92%
RB4 (LVR) Josh Jacobs
92%
CB7 (DAL) Trevon Diggs
92%
WR8 (DAL) Ceedee Lamb
91%
DL4 (KC) Chris Jones
91%
TE2 (SF) George Kittle
91%
WR6 (LAR) Cooper Kupp
90%
RB8 (IND) Johnathan Taylor
90%
TE3 (BAL) Mark Andrews
89%
WR9 (WAS) Terry McLaurin
86%
TE4 (MIN) T.J Hockenson
84%
RB7 (DAL) Tony Pollard
84%
TE7 (ATL) Kyle Pitts
82%
RB6 (LAC) Austin Ekeler
81%
WR10 (ARI) Deandre Hopkins
81%
DL6 (NYJ) Quinnen Williams
81%
OL1 (SF) Trent Williams
81%
DL1 (SF) Nick Bosa
79%
LB2 (PIT) T.J Watt
79%
DL2 (CLE) Myles Garrett
78%
DL3 (LAR) Aaron Donald
77%
LB1 (DAL) Micah Parsons
77%
TE6 (PHI) Dallas Goedert
76%
CB2 (NYJ) Sauce Gardner
76%
S6 (DET) C.J Gardner-Johnson
74%
K1 (BAL) Justin Tucker
73%
OL3 (PHI) Lane Johnson
73%
DL5 (LVR) Maxx Crosby
73%
TE5 (NYG) Darren Waller
72%
CB1 (DEN) Patrick Surtain II
72%
CB3 (GB) Jaire Alexander
70%
CB4 (MIA) Jalen Ramsey
70%
TE10 (CHI) Cole Kmet
68%
TE8 (HOU) Dalton Schultz
66%
OL5 (DAL) Zack Martin
65%
CB6 (PHI) Darius Slay
64%
S1 (PIT) Minkah Fitzpatrick
63%
DL7 (PIT) Cameron Heyward
62%
OL2 (IND) Quenton Nelson
62%
RB10 (CAR) Miles Sanders
61%
S4 (LAC) Derwin James II
59%
CB5 (BUF) Tre’Davious White
59%
DL8 (TB) Vita Vea
59%
DL9 (TEN) Jeffery Simmons
57%
S2 (DEN) Justin Simmons
57%
K5 (KC) Harrison Butker
56%
TE9 (PIT) Pat Freiermuth
55%
OL7 (KC) Creed Humphrey
51%
LB3 (NOS) Demario Davis
51%
S3 (ATL) Jessie Bates II
50%
K6 (ATL) Younghoe Koo
50%
LB6 (TB) Lavonte David
49%
LB5 (NE) Matt Judon
49%
K9 (PHI) Jake Elliott
47%
S5 (BUF) Jordan Poyer
46%
K7 (CIN) Evan McPherson
45%
LB10 (BUF) Matt Milano
44%
CB10 (CAR) Jaycee Horn
42%
OL9 (NYG) Andrew Thomas
41%
LB9 (IND) Shaquille Leonard
41%
K2 (LVR) Daniel Carlson
40%
K3 (BUF) Tyler Bass
40%
OL10 (GB) David Bakhtiari
38%
OL6 (CLE) Joel Bitonio
36%
OL8 (ATL) Chris Lindstrom
35%
CB8 (PHI) James Bradberry
35%
S9 (SF) Talanoa Hufanga
34%
K10 (LAR) Matt Gay
33%
K4 (SEA) Jason Myers
27%
LB7 (GB) De’Vondre Campbell
20%
K8 (MIN) Greg Joseph
17%
No matching quizzes found
Score Distribution
Percent of People with Each Score
Percentile by Number Answered
Your Score History
You have not taken this quiz